Statistics for Flags of Countries in the World Cup 2018

Click here to take the quiz!

General Stats

  • This quiz has been taken 38,877 times
  • The average score is 28 of 32

Answer Stats

Answer% Correct
France
99%
Brazil
99%
Germany
99%
Japan
99%
Australia
98%
South Korea
98%
Sweden
97%
Russia
96%
Belgium
95%
Denmark
93%
Argentina
92%
Mexico
92%
Spain
91%
Switzerland
91%
Saudi Arabia
91%
Iceland
90%
England
87%
Portugal
86%
Poland
85%
Egypt
85%
Croatia
85%
Iran
84%
Uruguay
84%
Nigeria
83%
Colombia
80%
Morocco
77%
Panama
77%
Serbia
74%
Tunisia
71%
Costa Rica
66%
Senegal
66%
Peru
65%

Score Distribution

Percentile by Number Answered

Percent of People with Each Score

Your Score History

You have not taken this quiz